Datum a čas kvízu
23.5
Celkem bodů
Celkový počet nahraných bodů na tomto kvízu bez doplňovacích otázek.
19.
Pořadí na kvízu
Konečné umístění týmu na tomto kvízu.
Zaznamenané odpovědi
| # | Otázka | Odpověď | Body | Výsledky |
|---|---|---|---|---|
| 1. | Podle analytiků Portálu nehod... | Restaurace mladých - "Mlaďák" (pivařům lze uznat "Símalka") | 1 | |
| 2. | Minulé úterý proběhla tiskem z... | v Maďarsku | 1 | |
| 3. | Minulý týden bylo oznámeno, že... | Bohumil Hrabal | 0 | |
| 4. | Minulý týden došlo v české ene... | Westinghouse | 0 | |
| 5. | Za čtyři roky téměř 18 milionů... | Filip Chytil | 1 | |
| 6. | V tomto tématu bude vaším úkol... | Tři veteráni | 1 | |
| 7. | Vyberte jméno, které patří do... | A | 0 | |
| 8. | Seřaďte následující hlášky pod... | 1D 2C 3B 4A | 0 | |
| 9. | Věta „Děda je hodný, ale překá... | Na samotě u lesa, Komárek | 0.5 | |
| 10. | Dvěma slovy dokončete hlášku z... | horší cesta | 1 |